The role of structural funds in relation to sustainable development and regional disparity in the Slovak Republic

Bibliographic Details
Main Author: Kluvánková-Oravská, Tatiana, 1968- (Author)
Format: Book
Language:English
PhysicalDescription:21 s. grafy, mp., tab. 30 cm
Published: Bratislava Institute for forecasting Slovak Academy of sciences 2002
Edition:[1st ed.]
Series:Working papers
Subjects:

MARC

LEADER 00000nam a2200000 a 4500
001 vtls001459620
003 SK-MaSNL
005 20260301155148.0
008 251029s2002 xo b r eng
015 |a SNBA2004/0-05521 
035 |a SNK000414927 
035 |a urn:nbn:sk:snk-amybah 
035 |a urn:nbn:sk:snk-am00c8ja 
035 |a FEB95AB0-F647-42F3-BF46-ABA3D02F30AA 
040 |a SNK  |b slo  |c SNK  |e AACR2 
041 0 |a eng 
043 |a e-xo--- 
044 |a xo  |c SK 
072 7 |a 332  |x Regionálna ekonómia, regionálna ekonomika  |2 konspekt 
072 7 |a 502  |x Ochrana životného prostredia  |2 konspekt 
080 |a 339.926  |2 1981 
080 |a 332.055.2  |2 1981 
080 |a 502.131.1  |2 1981 
080 |a (437.6)  |2 1981 
080 |a (048.8)  |2 1981 
100 1 |a Kluvánková-Oravská, Tatiana,  |d 1968-  |4 aut  |9 15758 
245 1 4 |a The role of structural funds in relation to sustainable development and regional disparity in the Slovak Republic  |c Tatiana Kluvánková-Oravská 
250 |a [1st ed.] 
260 |a Bratislava  |b Institute for forecasting Slovak Academy of sciences  |c 2002 
300 |a 21 s.  |b grafy, mp., tab.  |c 30 cm 
490 1 |a Working papers  |v no. 9 
500 |a 45 výt. 
504 |a Bibliogr. s. 19. Res. slov. 
650 0 7 |a štrukturálne fondy  |2 SNKPH  |9 4193 
650 0 7 |a regionálny rozvoj  |z Slovensko  |2 SNKPH  |9 67589 
650 0 7 |a trvalo udržateľný rozvoj  |x environmentálne aspekty  |z Slovensko  |2 SNKPH  |9 519052 
655 7 |a štúdie  |2 SNKPH  |9 57033 
710 0 |a Prognostický ústav SAV Bratislava  |4 pbl  |9 519053 
830 0 |a Working papers  |9 337699 
968 |d 33 
999 |c 799749  |d 801679 
952 |t P60, <03>, [BOOK], {603}  |a SNK  |b SNK  |y PREZ  |7 0  |p 17A0396663  |o snkSB 67224  |i snkKSP 11701/2003  |0 0  |1 0  |4 0  |d 2003-09-09  |f 1  |l 0  |r 2025-04-16 00:00:00  |w 2026-02-24 
952 |t P60, <04>, [BOOK], {604}  |a SNK  |b SNK  |y VYP  |7 0  |p 17A0396662  |o snkSB 67224 D1  |i snkKSP 11702/2003  |0 0  |1 0  |4 0  |d 2003-09-09  |l 0  |r 2005-01-02 00:00:00  |w 2026-02-24